Normal view
MARC view
- الدليمي، ناهدة عبد زيد
Entry Personal Name
001 - CONTROL NUMBER
- control field: 66788
003 - CONTROL NUMBER IDENTIFIER
- control field: JO-AjAnu
005 - DATE AND TIME OF LATEST TRANSACTION
- control field: 20251012115344.0
008 - FIXED-LENGTH DATA ELEMENTS
- fixed length control field: 251012|| aca||aabn | a|a d
040 ## - CATALOGING SOURCE
- Original cataloging agency: JO-AjAnu
100 ## - HEADING--PERSONAL NAME
- Personal name: الدليمي، ناهدة عبد زيد
- Relator term: مؤلف